<?xml version="1.0" encoding="UTF-8"?>
<record
    xmlns:xsi="http://www.w3.org/2001/XMLSchema-instance"
    xsi:schemaLocation="http://www.loc.gov/MARC21/slim http://www.loc.gov/standards/marcxml/schema/MARC21slim.xsd"
    xmlns="http://www.loc.gov/MARC21/slim">

  <leader>01738nam a2200229Ia 4500</leader>
  <controlfield tag="001">6620</controlfield>
  <controlfield tag="008">260622s9999    xx            000 0 und d</controlfield>
  <datafield tag="020" ind1=" " ind2=" ">
    <subfield code="a">9789953891002</subfield>
  </datafield>
  <datafield tag="245" ind1=" " ind2="0">
    <subfield code="a">&#x648;&#x631;&#x62F;&#x629;  &#x644;&#x625;&#x645;&#x64A;&#x644;&#x64A; &#x648; &#x642;&#x635;&#x635; &#x623;&#x62E;&#x631;&#x649;/ </subfield>
    <subfield code="c">&#x648;&#x644;&#x64A;&#x627;&#x645; &#x641;&#x648;&#x644;&#x643;&#x646;&#x631;. &#x645;&#x62A;&#x631;&#x62C;&#x645;: &#x633;&#x627;&#x645;&#x631; &#x623;&#x628;&#x648; &#x647;&#x648;&#x627;&#x634;</subfield>
  </datafield>
  <datafield tag="260" ind1=" " ind2=" ">
    <subfield code="b">&#x62F;&#x627;&#x631; &#x627;&#x644;&#x622;&#x62F;&#x627;&#x628;&#x60C; &#x628;&#x64A;&#x631;&#x648;&#x62A;&#x61B; &#x643;&#x644;&#x645;&#x629;&#x60C; &#x623;&#x628;&#x648; &#x638;&#x628;&#x64A;&#x61B; </subfield>
    <subfield code="c">2009</subfield>
  </datafield>
  <datafield tag="300" ind1=" " ind2=" ">
    <subfield code="a">470p; </subfield>
    <subfield code="c">22x14cm</subfield>
  </datafield>
  <datafield tag="505" ind1=" " ind2=" ">
    <subfield code="a">Original title: Vintage International Collected Stories of William Faulkner. A Rose for Emily and other Stories. By William Faulkner. Translated by Samer Abu Hawash ------This collection offers a fascinating glimpse into Faulkner's exploration of Southern life, cultural tensions, and human resilience, making it an essential read for literature enthusiasts. </subfield>
  </datafield>
  <datafield tag="520" ind1=" " ind2=" ">
    <subfield code="a">I. THE COUNTRY- &#x627;&#x644;&#x623;&#x631;&#x64A;&#x627;&#x641;  Barn Burning- &#x625;&#x62D;&#x631;&#x627;&#x642; &#x62D;&#x638;&#x64A;&#x631;&#x629;  Shingles for the Lord- &#x633;&#x642;&#x641; &#x62C;&#x62F;&#x64A;&#x62F; &#x644;&#x644;&#x631;&#x628;&#x651;  The Tall Men- &#x627;&#x644;&#x631;&#x62C;&#x627;&#x644; &#x627;&#x644;&#x637;&#x648;&#x627;&#x644;  A Bear Hunt- &#x635;&#x64A;&#x62F; &#x62F;&#x628;&#x651;  Two Soldiers- &#x62C;&#x646;&#x62F;&#x64A;&#x651;&#x627;&#x646;  Shall Not Perish- &#x644;&#x646; &#x646;&#x641;&#x646;&#x649;  II. THE VILLAGE- &#x627;&#x644;&#x642;&#x631;&#x64A;&#x629;  A Rose for Emily- &#x648;&#x631;&#x62F;&#x629; &#x644;&#x625;&#x645;&#x64A;&#x644;&#x64A;  Hair- &#x634;&#x639;&#x631;  Centaur in Brass- &#x642;&#x646;&#x637;&#x648;&#x631; &#x645;&#x646; &#x646;&#x62D;&#x627;&#x633;  Dry September- &#x633;&#x628;&#x62A;&#x645;&#x628;&#x631; &#x62C;&#x627;&#x641;  Death Drag- &#x644;&#x639;&#x628;&#x629; &#x627;&#x644;&#x645;&#x648;&#x62A;   Elly- &#x625;&#x644;&#x651;&#x64A;  Uncle Willy- &#x627;&#x644;&#x639;&#x645;&#x651; &#x648;&#x64A;&#x644;&#x64A;  Mule in the Yard- &#x628;&#x63A;&#x644; &#x641;&#x64A; &#x627;&#x644;&#x641;&#x646;&#x627;&#x621;   That Will Be Fine- &#x633;&#x64A;&#x643;&#x648;&#x646; &#x647;&#x630;&#x627; &#x62D;&#x633;&#x646;&#x627;  That Evening Sun- &#x634;&#x645;&#x633; &#x630;&#x627;&#x643; &#x627;&#x644;&#x63A;&#x631;&#x648;&#x628; </subfield>
  </datafield>
  <datafield tag="546" ind1=" " ind2=" ">
    <subfield code="a">Arabic</subfield>
  </datafield>
  <datafield tag="650" ind1=" " ind2=" ">
    <subfield code="a">PJ7501-8517 Arabic literature</subfield>
  </datafield>
  <datafield tag="650" ind1=" " ind2=" ">
    <subfield code="a">Translated works</subfield>
    <subfield code="9">9466</subfield>
  </datafield>
  <datafield tag="651" ind1=" " ind2=" ">
    <subfield code="a">USA</subfield>
  </datafield>
  <datafield tag="655" ind1=" " ind2=" ">
    <subfield code="a">Fiction &#x631;&#x648;&#x627;&#x64A;&#x629;</subfield>
    <subfield code="9">9467</subfield>
  </datafield>
  <datafield tag="700" ind1=" " ind2=" ">
    <subfield code="a">Abu Hawash, Samer &#x633;&#x627;&#x645;&#x631; &#x623;&#x628;&#x648; &#x647;&#x648;&#x627;&#x634;</subfield>
    <subfield code="9">9468</subfield>
  </datafield>
  <datafield tag="700" ind1=" " ind2=" ">
    <subfield code="a">Faulkner, William &#x648;&#x644;&#x64A;&#x645; &#x641;&#x648;&#x643;&#x646;&#x631;</subfield>
    <subfield code="9">9469</subfield>
  </datafield>
  <datafield tag="942" ind1=" " ind2=" ">
    <subfield code="c">BK</subfield>
  </datafield>
  <datafield tag="999" ind1=" " ind2=" ">
    <subfield code="c">6620</subfield>
    <subfield code="d">6620</subfield>
  </datafield>
  <datafield tag="952" ind1=" " ind2=" ">
    <subfield code="0">0</subfield>
    <subfield code="1">0</subfield>
    <subfield code="4">0</subfield>
    <subfield code="7">0</subfield>
    <subfield code="8">P</subfield>
    <subfield code="a">SAFL</subfield>
    <subfield code="b">SAFL</subfield>
    <subfield code="d">2026-06-22</subfield>
    <subfield code="l">0</subfield>
    <subfield code="o">PJ7501-8517 60.814</subfield>
    <subfield code="p">6620</subfield>
    <subfield code="r">2026-06-22</subfield>
    <subfield code="w">2026-06-22</subfield>
    <subfield code="y">BK</subfield>
  </datafield>
</record>
